000 00311nam a22001217a 4500
020 _a978 1 57808 571 2
082 _a631.45 COS/MA
100 _aCostantini ,Edoardo A C
245 _aManual of methods for soil and land evaluation
260 _aEnfield
_bScience Publishers
_c2009
300 _a549
942 _cBK
999 _c13836
_d13836